| 000 | 01248cam a2200325 a 4500 | ||
|---|---|---|---|
| 999 |
_c2383 _d2383 |
||
| 001 | 5282 | ||
| 003 | BD-DhUAP | ||
| 005 | 20200224095726.0 | ||
| 008 | 200224s2000 bg ab b f000 0 eng | ||
| 020 | _a9847730067 | ||
| 040 |
_aDLC _cDLC _dBD-DhUAP _bEng |
||
| 082 | 0 | 0 |
_223 _a954.922023 ABU |
| 100 | 1 | _aAbu Musa, Md. | |
| 245 | 1 | 0 |
_aHistory of Dhaka through inscription and architecture : _ba portrait of the Sultanate period / _cMd. Abu Musa ; editedby Nazimuddin Ahmed, Mohammed Ali and Md. Shafiqul Alam. |
| 250 | _a1st ed. | ||
| 260 |
_aDhaka : _bDept. of Archaeology, Ministry of Cultural Affairs, Govt. of the People's Republic of Bangladesh, _cc2000. |
||
| 300 |
_axv, 136 pages : _billustrations ; _c28 cm. |
||
| 490 |
_aB.A. series ; _v21. |
||
| 504 | _aIncludes bibliographical references (p. 133-136). | ||
| 546 | _aIncludes passages in Arabic. | ||
| 650 | 0 |
_aInscriptions _zBangladesh _zDhaka. |
|
| 650 | 0 |
_aIslamic architecture _zBangladesh _zDhaka. |
|
| 651 | 0 |
_aDhaka (Bangldesh) _xHistory _vSources. |
|
| 651 | 0 |
_aDhaka _xBuildings, structures, etc. |
|
| 700 | _aAhmed, Nazimuddin. | ||
| 700 | _aAli, Mohammed. | ||
| 700 | _aAlam, Md. Shafiqul. | ||
| 942 |
_2ddc _cBK |
||